| 000 | 00411nam a22001337a 4500 | ||
|---|---|---|---|
| 999 |
_c515849 _d515849 |
||
| 008 | 210209b ||||| |||| 00| 0 eng d | ||
| 100 |
_aThomas, Roby _924145 |
||
| 245 | _aLeveraging India's maritime diplomacy | ||
| 260 | _aJournal of Defence Studies | ||
| 300 | _a14(3), Jul-Sep, 2020: p.5-28 | ||
| 773 | _aJournal of Defence Studies | ||
| 906 | _aINDIAN OCEAN REGION - FOREIGN RELATIONS | ||
| 942 | _cAR | ||